00792cam a2200253 45000010008000000030007000080050017000150080041000320200047000730400029001200410008001490420009001570840019001661100040001852450102002252500011003272600043003383000036003815040030004176500025004476500019004726500025004917000022005162507825yeezen20260106164122.0240821s2024 ch a e b 000 0 chi d a9789863685418q(平裝) :c新臺幣580元 aSANbchic桃市圖eCCR0 achi anbic a415.222ncsclt2 a臺灣急救加護醫學會e編著10a高品質急救復甦後照護臨床手冊 /c臺灣急救加護醫學會編著 ; 黃建華主編 a初版 a新北市汐止區 :b合記,c2024.05 a[12], 168面 :b圖 ;c26公分 a參考書目: 面144-168. 7a急診醫學2lcstt. 7a急救2lcstt. 7a復原照護2lcstt.1 a黃建華e主編